Catálogo público

Handbook of climate change and agroecosystems : (Record no. 217357)

MARC details
000 -CABECERA
campo de control de longitud fija 01176 a2200289 4500
003 - IDENTIFICADOR DEL NÚMERO DE CONTROL
campo de control OSt
005 - FECHA Y HORA DE LA ÚLTIMA TRANSACCIÓN
campo de control 20230322140250.0
008 - DATOS DE LONGITUD FIJA--INFORMACIÓN GENERAL
campo de control de longitud fija 220727s2015 enka||||r|||| 00| 0 eng d
020 ## - NÚMERO INTERNACIONAL ESTÁNDAR DEL LIBRO
Número Internacional Estándar del Libro 9781783265633 (Conjunto)
020 ## - NÚMERO INTERNACIONAL ESTÁNDAR DEL LIBRO
Número Internacional Estándar del Libro 9781783265664 (Parte 1)
020 ## - NÚMERO INTERNACIONAL ESTÁNDAR DEL LIBRO
Número Internacional Estándar del Libro 9781783265671 (Parte 2)
040 ## - FUENTE DE LA CATALOGACIÓN
Centro/agencia transcriptor CHAP
082 00 - NÚMERO DE LA CLASIFICACIÓN DECIMAL DEWEY
Número de clasificación 632.1
Número de documento/Ítem H19
Número de edición 22
245 00 - MENCIÓN DE TÍTULO
Título Handbook of climate change and agroecosystems :
Resto del título the agricultural model intercomparison and improvement project integrated crop an economic assessments /
Mención de responsabilidad, etc. editado por Cynthia Rosenzweig y Daniel Hill.
264 #1 - PRODUCCIÓN, PUBLICACIÓN, DISTRIBUCIÓN, FABRICACIÓN Y COPYRIGHT
Producción, publicación, distribución, fabricación y copyright London :
Nombre del de productor, editor, distribuidor, fabricante Imperial College Press,
Fecha de producción, publicación, distribución, fabricación o copyright 2015.
300 ## - DESCRIPCIÓN FÍSICA
Extensión Volúmen
Otras características físicas figuras, tablas.
490 1# - MENCIÓN DE SERIE
Mención de serie ICP Series on climate change impacts, adaptation, and mitigation
504 ## - NOTA DE BIBLIOGRAFÍA, ETC.
Nota de bibliografía, etc. Incluye apendice.
505 ## - NOTA DE CONTENIDO CON FORMATO
Nota de contenido con formato La biblioteca tiene : Volumen 3. Parte 1 y Parte 2.
650 #2 - PUNTO DE ACCESO ADICIONAL DE MATERIA--TÉRMINO DE MATERIA
9 (RLIN) 143974
Término de materia o nombre geográfico como elemento de entrada Climatología agrícola
650 #2 - PUNTO DE ACCESO ADICIONAL DE MATERIA--TÉRMINO DE MATERIA
9 (RLIN) 17781
Término de materia o nombre geográfico como elemento de entrada Cambio climático
650 #2 - PUNTO DE ACCESO ADICIONAL DE MATERIA--TÉRMINO DE MATERIA
9 (RLIN) 35165
Término de materia o nombre geográfico como elemento de entrada Ecología agrícola
700 1# - PUNTO DE ACCESO ADICIONAL--NOMBRE DE PERSONA
9 (RLIN) 100144
Nombre de persona Rosenzweig, Cynthia
Término indicativo de función/relación Editor.
700 1# - PUNTO DE ACCESO ADICIONAL--NOMBRE DE PERSONA
9 (RLIN) 55451
Nombre de persona Hillel, Daniel
Término indicativo de función/relación Editor.
830 ## - PUNTO DE ACCESO ADICIONAL DE SERIE-TÍTULO UNIFORME
9 (RLIN) 186457
Título uniforme ICP Series on climate change impacts, adaptation, and mitigation
942 ## - ELEMENTOS DE PUNTO DE ACCESO ADICIONAL (KOHA)
Fuente del sistema de clasificación o colocación Dewey Decimal Classification
Tipo de ítem Koha Libro
Holdings
Estado de retiro Estado de pérdida Fuente del sistema de clasificación o colocación Estado dañado Restricciones de uso No para préstamo Código de colección Localización permanente Ubicación/localización actual Ubicación en estantería Fecha de adquisición Total de préstamos Signatura topográfica completa Código de barras Fecha visto por última vez Precio válido a partir de Tipo de ítem Koha Número de copia
    Dewey Decimal Classification   Préstamo 15 días   General Biblioteca Central Biblioteca Central Planta principal - Colección General 17/03/2023   632.1 H19 v.3 pte. 1 33724002568165 17/03/2023 17/03/2023 Libro  
    Dewey Decimal Classification   Préstamo 15 días   General Biblioteca Central Biblioteca Central Planta principal - Colección General 17/03/2023   632.1 H19 v.3 pte. 1 33724002568207 17/03/2023 17/03/2023 Libro c.2
    Dewey Decimal Classification   Préstamo 15 días   General Biblioteca Central Biblioteca Central Planta principal - Colección General 17/03/2023   632.1 H19 v.3 pte. 2 33724002572793 17/03/2023 17/03/2023 Libro  
    Dewey Decimal Classification   Préstamo 15 días   General Biblioteca Central Biblioteca Central Planta principal - Colección General 17/03/2023   632.1 H19 v.3 pte. 2 33724002572751 17/03/2023 17/03/2023 Libro c.2